000 00565nam a2200145 a 4500
008 121015s1967 ||||||||||||||||| || u
050 _aUA 926 Rob
100 _aRoberts, Adam
245 1 4 _aThe strategy of civilian defence: non-violent resistence to aggression
_cedited by Adam Roberts
260 _aLondon:
_bFaber and Faber
_c1967
300 _a320p.
650 _aPASSIVE RESISTANCE
650 _aCIVIL DEFENCE
995 _aSPECIAL COLLECTIONS
_e500239
_FCBU-DAG HAMMARSKJOLD INSTITUTE LIBRARY
_jDAG UA 926 Rob
_M1
_UAVAILABLE
_WNov 15, 2012
_y500239
_ZDHIPS Book Collection
999 _c480
_d480